000
00241nam a22000977a 4500
999
_c
16226
_d
16226
003
OSt
008
200624b ||||| |||| 00| 0 eng d
100
_a
Sathianathair
_9
4630
245
_a
Political and cultural history of India,vol-2
942
_c
BK